| 000 | 01217cam a22003011 4500 | ||
|---|---|---|---|
| 001 | e 28000145 | ||
| 003 | DLC | ||
| 005 | 20260227111218.0 | ||
| 008 | 801027s1928 nyu 000 0 eng c | ||
| 010 | _ae 28000145 | ||
| 035 | _a(OCoLC)6867505 | ||
| 040 |
_aLibrary, U. S. Bur. of Education _cVi _dVi _dDLC |
||
| 042 | _apremarc | ||
| 050 | 0 | 0 |
_aLA339.S48 _bA5 1928 |
| 110 | 2 | _aUniversity of the State of New York. | |
| 245 | 0 | 2 |
_aA study of the Schenactady school system, _cby the State Education Department. |
| 260 |
_aAlbany, _bUniversity of the State of New York, _c1928. |
||
| 300 |
_a347 p. incl. tables, charts. _bplates. _c23 cm. |
||
| 500 | _aCover title. | ||
| 500 | _a"Prepared by George M. Wiley ... assisted by Ned H. Dearborn ... Warren W. Coxe , ... Frederick R. Rogers ... also department assistants and supervisors."--p. [1] | ||
| 650 | 0 |
_aEducation _zNew York (State) _zSchenectady. |
|
| 650 | 0 |
_aPublic schools _zNew York (State) _zSchenectady. |
|
| 650 | 0 | _aEducational surveys. | |
| 700 | 1 |
_aWiley, George M. _q(George Martin), _d1875- |
|
| 700 | 1 |
_aDearborn, Ned Harland, _d1893- |
|
| 700 | 1 |
_aCoxe, Warren W. _q(Warren Winfred), _d1886-1956. |
|
| 700 | 1 |
_aRogers, Frederick Rand, _d1894- |
|
| 999 |
_c20912 _d20912 |
||